[Event "Civil Service Ch 19th"]
[Site "Leeds"]
[Date "2009.07.16"]
[Round "4.3"]
[White "Lewyk, Ihor"]
[Black "Brocklehurst, Andrew"]
[Result "1/2-1/2"]
[WhiteElo "2130"]
[BlackElo "2138"]
[PlyCount "98"]
[EventDate "2009.07.15"]
[EventType "swiss"]
[EventRounds "5"]
[EventCountry "ENG"]
[SourceTitle "BritBase"]
[Source "John Saunders"]
[SourceDate "2024.12.03"]
[SourceVersion "1"]
[SourceVersionDate "2024.12.03"]
[SourceQuality "1"]

1. Nf3 Nf6 2. d4 g6 3. Nbd2 Bg7 4. e4 d6 5. Bd3 O-O 6. O-O Bg4 7. h3 Bxf3 8. Qxf3 Nbd7 9. Nb3 e5 10. d5 Rc8 11. Be3 Nh5 12. c3 Qh4 13. Qg4 Qe7 14. Rae1 b6 15. g3 a5 16. a4 Kh8 17. Bb5 Rcd8 18. Bxd7 Qxd7 19. Qxd7 Rxd7 20. Kg2 f5 21. f3 Nf6 22. Nd2 Kg8 23. Bg5 h6 24. Bxf6 Bxf6 25. b4 Ra8 26. Ra1 Kf7 27. Nc4 Rdd8 28. bxa5 bxa5 29. Rab1 Rdb8 30. Kf2 Ke8 31. Ke2 Kd7 32. Kd3 f4 33. g4 g5 34. Kc2 h5 35. Rxb8 Rxb8 36. Rb1 Rh8 37. Rb5 hxg4 38. hxg4 Rh2+ 39. Nd2 Bd8 40. Rxa5 c6 41. dxc6+ Kxc6 42. Rd5 Bb6 43. Kb3 Rf2 44. Nc4 Bc5 45. Rd3 Rf1 46. Nd2 Rf2 47. Nc4 Rf1 48. a5 Rb1+ 49. Kc2 Ra1 1/2-1/2

[Event "Civil Service Ch 19th"]
[Site "Leeds"]
[Date "2009.07.16"]
[Round "4.4"]
[White "Bowers, Francis J"]
[Black "Cannon, Richard James"]
[Result "1-0"]
[WhiteElo "1930"]
[BlackElo "2130"]
[PlyCount "111"]
[EventDate "2009.07.15"]
[EventType "swiss"]
[EventRounds "5"]
[EventCountry "ENG"]
[SourceTitle "BritBase"]
[Source "John Saunders"]
[SourceDate "2024.12.03"]
[SourceVersion "1"]
[SourceVersionDate "2024.12.03"]
[SourceQuality "1"]

1. e4 e6 2. d4 d5 3. Nc3 Nf6 4. e5 Nfd7 5. f4 c5 6. Nf3 Nc6 7. Ne2 f6 8. c3 fxe5 9. fxe5 cxd4 10. cxd4 Bb4+ 11. Bd2 O-O 12. Bxb4 Nxb4 13. a3 Nc6 14. Qd2 Qb6 15. Rd1 Na5 16. Nc1 Nb3 17. Qc3 Nxc1 18. Rxc1 Qd8 19. Bd3 Rf7 20. O-O Nf8 21. Qd2 $11 h6 22. Qc2 Bd7 23. Bg6 Nxg6 24. Qxg6 Bb5 25. Rf2 Rc8 26. Rcc2 Ba4 27. Ng5 Bxc2 28. Qxf7+ Kh8 29. Nxe6 Qg8 30. Nc5 Qxf7 31. Rxf7 b6 32. Ne6 Bd3 33. Rc7 Re8 34. Nf4 Be4 35. Rxa7 b5 36. Rd7 Rf8 37. Nxd5 Bd3 38. Ne3 Re8 39. Rd6 Kg8 40. e6 Kf8 41. d5 Ke7 42. Rd7+ Kf6 43. Ng4+ Kf5 44. h3 Bb1 45. Rxg7 Ba2 46. Rf7+ Kg6 47. Rd7 h5 48. Ne3 Kf6 49. Rb7 Ke5 50. Rxb5 Ke4 51. Nd1 Ke5 52. Nc3 Bc4 53. Rc5 Bd3 54. Rc7 Kd6 55. Rd7+ Kc5 56. e7 {, etc...} 1-0

[Event "Civil Service Ch 19th"]
[Site "Leeds"]
[Date "2009.07.16"]
[Round "4.5"]
[White "Nisbet, Alex Ian"]
[Black "Wedlock, Stephen L"]
[Result "1-0"]
[WhiteElo "1986"]
[BlackElo "1946"]
[PlyCount "65"]
[EventDate "2009.07.15"]
[EventType "swiss"]
[EventRounds "5"]
[EventCountry "ENG"]
[SourceTitle "BritBase"]
[Source "John Saunders"]
[SourceDate "2024.12.03"]
[SourceVersion "1"]
[SourceVersionDate "2024.12.03"]
[SourceQuality "1"]

1. d4 Nf6 2. Bf4 d5 3. e3 e6 4. Bd3 Be7 5. Nf3 O-O 6. Nbd2 b6 7. O-O Bb7 8. Ne5 Nbd7 9. Ndf3 Ne4 10. c4 f6 11. Nxd7 Qxd7 12. Qc2 Bd6 13. Bxd6 Qxd6 14. a3 g6 15. b4 c5 16. bxc5 bxc5 17. Rab1 Bc6 18. cxd5 exd5 19. Bxe4 dxe4 20. dxc5 Qe7 21. Nd4 Bd5 22. Rfc1 Rac8 23. Qc3 Rfd8 24. Qa5 Rd7 25. c6 Rdd8 26. c7 Rd7 27. Rb8 Qe8 28. Qxa7 Kg7 29. h3 Kh6 30. Nb5 Qf8 31. Rxc8 Qxc8 32. Qb8 Bb7 33. Na7 1-0

[Event "Civil Service Ch 19th"]
[Site "Leeds"]
[Date "2009.07.16"]
[Round "4.6"]
[White "Mills, David G"]
[Black "Simpson, Ian"]
[Result "0-1"]
[WhiteElo "1866"]
[BlackElo "1914"]
[PlyCount "72"]
[EventDate "2009.07.15"]
[EventType "swiss"]
[EventRounds "5"]
[EventCountry "ENG"]
[SourceTitle "BritBase"]
[Source "John Saunders"]
[SourceDate "2024.12.03"]
[SourceVersion "1"]
[SourceVersionDate "2024.12.03"]
[SourceQuality "1"]

1. d4 Nf6 2. Nf3 d6 3. Bg5 h6 4. Bxf6 gxf6 5. e3 Bf5 6. Bd3 Bg6 7. Bxg6 fxg6 8. Qd3 f5 9. Qb5+ Nd7 10. Qxb7 Rb8 11. Qxa7 Rxb2 12. Na3 c5 13. O-O Bg7 14. Rfb1 Rxb1+ 15. Rxb1 Kf7 16. Rb7 Nf6 17. h3 Ne4 18. Nc4 Bf6 19. Nb6 g5 20. a4 g4 21. hxg4 fxg4 22. Ne1 cxd4 23. Nd5 dxe3 24. fxe3 h5 25. Nd3 h4 26. N3b4 h3 27. gxh3 gxh3 28. Kh2 Be5+ 29. Nf4 Rg8 30. Nbd5 Rg2+ 31. Kxh3 Rg3+ 32. Kh4 Qh8+ 33. Nh5 Rh3+ 34. Kxh3 Qxh5+ 35. Kg2 Qg4+ 36. Kf1 Qf3+ 0-1

[Event "Civil Service Ch 19th"]
[Site "Leeds"]
[Date "2009.07.17"]
[Round "5.1"]
[White "Ashby, Anthony C"]
[Black "Thurlow, Kevin J"]
[Result "1/2-1/2"]
[WhiteElo "2114"]
[BlackElo "2034"]
[PlyCount "49"]
[EventDate "2009.07.15"]
[EventType "swiss"]
[EventRounds "5"]
[EventCountry "ENG"]
[SourceTitle "BritBase"]
[Source "John Saunders"]
[SourceDate "2024.12.03"]
[SourceVersion "1"]
[SourceVersionDate "2024.12.03"]
[SourceQuality "1"]

1. d4 Nf6 2. c4 e6 3. Nf3 b6 4. g3 Bb7 5. Bg2 d5 6. O-O Be7 7. b3 O-O 8. Bb2 Nbd7 9. Nbd2 c5 10. e3 Rc8 11. Rc1 Ne4 12. Nxe4 dxe4 13. Nd2 f5 14. f3 exf3 15. Nxf3 Be4 16. Qe2 Qc7 17. Nd2 Bxg2 18. Qxg2 Qc6 19. e4 cxd4 20. Bxd4 Bg5 21. Rce1 Nc5 22. Bxc5 Qxc5+ 23. Kh1 Bxd2 24. Qxd2 Rcd8 25. Qg2 1/2-1/2

[Event "Civil Service Ch 19th"]
[Site "Leeds"]
[Date "2009.07.17"]
[Round "5.2"]
[White "Brocklehurst, Andrew"]
[Black "Brusey, Alan W"]
[Result "1-0"]
[WhiteElo "2138"]
[BlackElo "2050"]
[PlyCount "73"]
[EventDate "2009.07.15"]
[EventType "swiss"]
[EventRounds "5"]
[EventCountry "ENG"]
[SourceTitle "BritBase"]
[Source "John Saunders"]
[SourceDate "2024.12.03"]
[SourceVersion "1"]
[SourceVersionDate "2024.12.03"]
[SourceQuality "1"]

1. e4 e6 2. Nf3 d5 3. exd5 exd5 4. d4 Bd6 5. Bd3 Nc6 6. h3 Nge7 7. Nc3 Nb4 8. Bg5 f6 9. Be3 Nxd3+ 10. Qxd3 c6 11. g4 O-O 12. O-O-O b5 13. Rdg1 f5 14. Ng5 h6 15. Nf3 a5 16. Ne5 f4 17. Bd2 Ba6 18. Qf3 Bxe5 19. dxe5 Ng6 20. g5 Nxe5 21. Qe2 Qc7 22. gxh6 g6 23. Qh5 Kh7 24. Qg5 f3 25. Re1 Rae8 26. Rhg1 b4 27. Nd1 Be2 28. Ne3 Qe7 29. Qg3 a4 30. h4 b3 31. axb3 axb3 32. h5 Rf6 33. Bc3 bxc2 34. Qxe5 Qxe5 35. Bxe5 Rxe5 36. Ng4 Rff5 37. hxg6+ 1-0

[Event "Civil Service Ch 19th"]
[Site "Leeds"]
[Date "2009.07.17"]
[Round "5.3"]
[White "Wager, John D"]
[Black "Lewyk, Ihor"]
[Result "0-1"]
[WhiteElo "2154"]
[BlackElo "2130"]
[PlyCount "132"]
[EventDate "2009.07.15"]
[EventType "swiss"]
[EventRounds "5"]
[EventCountry "ENG"]
[SourceTitle "BritBase"]
[Source "John Saunders"]
[SourceDate "2024.12.03"]
[SourceVersion "1"]
[SourceVersionDate "2024.12.03"]
[SourceQuality "1"]

1. Nf3 Nf6 2. b3 b6 3. Bb2 Bb7 4. d4 e6 5. Nbd2 Be7 6. c4 O-O 7. Qc2 d5 8. cxd5 exd5 9. e3 Nbd7 10. Be2 Rc8 11. Rd1 Re8 12. O-O c6 13. a3 Bd6 14. Rfe1 a5 15. Qb1 Qe7 16. Qa1 Ne4 17. Nxe4 dxe4 18. Nd2 f5 19. g3 Nf6 20. Nc4 Bc7 21. Rc1 Nd5 22. Rc2 g6 23. Rec1 h5 24. Ne5 Bxe5 25. dxe5 c5 26. Rd1 Bc6 27. Rcd2 Rcd8 28. b4 Kh7 29. Bc4 Nc7 30. Rd6 Ba4 31. R1d2 b5 32. Be2 axb4 33. axb4 cxb4 34. Qc1 Ne6 35. Qc6 Nf8 36. Bxh5 Rxd6 37. exd6 Qd7 38. Qxd7+ Nxd7 39. Be2 Rc8 40. f3 exf3 41. Bxf3 Bc2 42. Bd5 Be4 43. Be6 Rd8 44. Bd5 Nc5 45. Bxe4 Nxe4 46. Rd4 Rxd6 47. Rxb4 Rd5 48. Bd4 Kh6 49. Rb2 Kg5 50. Rc2 Kg4 51. Kg2 Rd6 52. Rc8 Ra6 53. h3+ Kg5 54. Kf3 Nd2+ 55. Ke2 Ra2 56. Kd3 Ne4 57. Rc2 Rxc2 58. Kxc2 Nxg3 59. Kb3 Ne4 60. Kb4 Kh4 61. Kxb5 Kxh3 62. Kc6 Kg4 63. Kd5 Nd2 64. Ba7 Nf3 65. Ke6 Nh4 66. Kf6 Kg3 {and a few moves were played.} 0-1

[Event "Civil Service Ch 19th"]
[Site "Leeds"]
[Date "2009.07.17"]
[Round "5.4"]
[White "Nisbet, Alex Ian"]
[Black "Bowers, Francis J"]
[Result "1/2-1/2"]
[WhiteElo "1986"]
[BlackElo "1930"]
[PlyCount "22"]
[EventDate "2009.07.15"]
[EventType "swiss"]
[EventRounds "5"]
[EventCountry "ENG"]
[SourceTitle "BritBase"]
[Source "John Saunders"]
[SourceDate "2024.12.03"]
[SourceVersion "1"]
[SourceVersionDate "2024.12.03"]
[SourceQuality "1"]

1. d4 Nf6 2. Bf4 c5 3. c3 e6 4. e3 d5 5. Bd3 Nc6 6. Nf3 Qb6 7. Qb3 c4 8. Qxb6 axb6 9. Bc2 b5 10. O-O b4 11. Nbd2 Nh5 1/2-1/2

[Event "Civil Service Ch 19th"]
[Site "Leeds"]
[Date "2009.07.17"]
[Round "5.5"]
[White "Simpson, Ian"]
[Black "Cannon, Richard James"]
[Result "0-1"]
[WhiteElo "1914"]
[BlackElo "2130"]
[PlyCount "90"]
[EventDate "2009.07.15"]
[EventType "swiss"]
[EventRounds "5"]
[EventCountry "ENG"]
[SourceTitle "BritBase"]
[Source "John Saunders"]
[SourceDate "2024.12.03"]
[SourceVersion "1"]
[SourceVersionDate "2024.12.03"]
[SourceQuality "1"]

1. e4 e6 2. d4 d5 3. Nc3 Nf6 4. Bg5 Bb4 5. e5 h6 6. Be3 Ne4 7. Nge2 c5 8. a3 Ba5 9. f3 cxd4 10. Bxd4 Nxc3 11. Nxc3 Nc6 12. f4 g5 13. Be3 d4 14. b4 dxe3 15. Qxd8+ Bxd8 16. Ne4 gxf4 17. Nd6+ Ke7 18. O-O-O Nxe5 19. c4 Ng4 20. Nxc8+ Rxc8 21. Rd4 Bc7 22. Be2 Nf2 23. Rf1 Be5 24. Rxf2 exf2 25. Rd1 Rhd8 26. Rf1 Bd4 27. Kc2 Be3 28. Kc3 Bd2+ 29. Kb3 Be1 30. c5 Rd2 31. Bf3 Rd3+ 32. Ka4 Rxf3 33. gxf3 Rg8 34. b5 Rg1 35. Rxf2 Bxf2 36. c6 bxc6 37. bxc6 Rb1 38. c7 Kd7 39. c8=Q+ Kxc8 40. h4 Kc7 41. h5 Kc6 42. Ka5 Bh4 43. a4 Bd8+ 44. Ka6 Ra1 45. a5 Rxa5# 0-1

[Event "Civil Service Ch 19th"]
[Site "Leeds"]
[Date "2009.07.17"]
[Round "5.6"]
[White "Wedlock, Stephen L"]
[Black "Mills, David G"]
[Result "1/2-1/2"]
[WhiteElo "1946"]
[BlackElo "1866"]
[PlyCount "54"]
[EventDate "2009.07.15"]
[EventType "swiss"]
[EventRounds "5"]
[EventCountry "ENG"]
[SourceTitle "BritBase"]
[Source "John Saunders"]
[SourceDate "2024.12.03"]
[SourceVersion "1"]
[SourceVersionDate "2024.12.03"]
[SourceQuality "1"]

1. e4 e6 2. d4 d5 3. Nc3 Nf6 4. exd5 exd5 5. Bg5 Be7 6. Nf3 c6 7. Bd3 Bg4 8. Qe2 Nbd7 9. h3 Bh5 10. g4 Bg6 11. Bxg6 hxg6 12. O-O-O O-O 13. Ne5 Nxe5 14. dxe5 Nd7 15. Bxe7 Qxe7 16. f4 b5 17. Qd3 Nb6 18. h4 Nc4 19. Rdg1 a5 20. h5 g5 21. h6 g6 22. Re1 gxf4 23. e6 Ne3 24. Qd4 f6 25. Ne2 c5 26. Qd3 g5 27. Ng3 fxg3 1/2-1/2